Vol. 35, № 4; Analytical Chemistry

Dades bibliogràfiques
Parent link:Analytical Chemistry/ American Chemical Society. Vol. 35, № 4.— , 1947-1973, 1976-1990, 1993-2002
Idioma:anglès
Publicat: 1963
Format: MixedMaterials Llibre
KOHA link:https://koha.lib.tpu.ru/cgi-bin/koha/opac-detail.pl?biblionumber=560006

MARC

LEADER 00000nam2a2200000 4500
001 560006
005 20251014142842.0
035 |a (RuTPU)RU\TPU\prd\254986 
035 |a RU\TPU\prd\254985 
090 |a 560006 
100 |a 20160405d1963 k||y0rusy50 ba 
101 0 |a eng 
102 |a US 
105 |a a z 000yy 
200 0 |a Vol. 35, № 4 
210 |d 1963 
215 |a 298 p. (p. 1A-152A, p. 425-600) 
461 1 |0 379637  |t Analytical Chemistry  |f American Chemical Society  |v Vol. 35, № 4  |d 1947-1973, 1976-1990, 1993-2002  |9 379637 
517 1 |a Аналитическая химия (аналитикл кемистри) 
801 0 |a RU  |b 63413507  |c 20010227  |g PSBO 
801 1 |a RU  |b 63413507  |c 20020228  |g PSBO 
801 2 |a RU  |b 63413507  |c 20190531  |g PSBO 
942 |c CR